Tennis players by picture #3 - Statistics

General Stats
  • This quiz has been taken 152 times
  • The average score is 10 of 15
Answer Stats
Picture Answer % Correct
Carlos Alcaraz
98%
Alexander Zverev
94%
Stéfanos Tsitsipás
92%
Jannik Sinner
90%
Nick Kyrgios
86%
Casper Ruud
85%
Jo-Wilfried Tsonga
81%
Félix Auger-Aliassime
78%
Grigor Dimitrov
74%
John Isner
69%
Ivan Lendl
49%
Lleyton Hewitt
44%
Rod Laver
39%
Tomás Berdych
35%
Mats Wilander
22%
No matching quizzes found
Score Distribution
Percent of People with Each Score
Percentile by Number Answered
Your Score History
You have not taken this quiz